[Event "AUTO-ADV-1600"]
[Site "http://www.queenalice.com/game.php?id=709073"]
[Date "2010.1.5"]
[Round "1"]
[White "Osedvr"]
[Black "juim"]
[Result "0-1"]
[WhiteElo "1725"]
[BlackElo "1660"]

1. e4 e5 2. Nf3 d6 3. Bc4 Be6 4. Bxe6 fxe6 5. d3 Nf6 6. h3 d5 7. O-O Bd6 8. Nc3
Bb4 9. Bd2 dxe4 10. dxe4 Bxc3 11. Bxc3 Qxd1 12. Raxd1 O-O 13. Bxe5 Nxe4 14. Rfe1
Nf6 15. Bxc7 Na6 16. Bf4 Rac8 17. c3 Nd5 18. Bd6 Rf6 19. Ng5 Re8 20. Rd4 h6 21.
Nxe6 Rfxe6 22. Rxe6 Rxe6 23. Rxd5 Re2 24. Bc5 b6 25. Rd8+ Kh7 26. Bd4 Rxb2 27.
Rd7 Rxa2 28. Rxg7+ Kh8 29. Rxa7+ Kg8 30. Bxb6 h5 31. Bd4 Kf8 0-1

[Event "AUTO-ADV-1601"]
[Site "http://www.queenalice.com/game.php?id=709487"]
[Date "2010.1.6"]
[Round "1"]
[White "garca"]
[Black "Osedvr"]
[Result "0-1"]
[WhiteElo "1828"]
[BlackElo "1778"]

1. e4 e5 2. Nf3 Nc6 3. d3 h6 4. h3 Nf6 5. Be2 Bc5 6. Nc3 a6 7. Bd2 O-O 8. Qc1 d6
9. O-O Be6 10. Nh2 Qd7 11. Be3 Rae8 12. Bxc5 dxc5 13. a3 b5 14. Nd1 c4 15. dxc4
bxc4 16. Nc3 Nd4 17. f3 Nh5 18. Bd1 c6 19. Ne2 Qa7 20. Kh1 Nxe2 21. Bxe2 Qe7 22.
Ng4 Ng3+ 0-1

[Event "AUTO-ADV-1601"]
[Site "http://www.queenalice.com/game.php?id=709488"]
[Date "2010.1.6"]
[Round "1"]
[White "Osedvr"]
[Black "garca"]
[Result "0-1"]
[WhiteElo "1872"]
[BlackElo "1849"]

1. e4 e5 2. Nf3 d6 3. h3 Nf6 4. Nc3 h6 5. Bc4 Be7 6. a3 a6 7. d4 exd4 8. Qxd4
Nc6 9. O-O Nxd4 10. Nxd4 O-O 11. Nf5 Bxf5 12. exf5 d5 13. Be2 Qd6 14. Be3 Qe5
15. Nd1 Bd6 16. g3 Qxf5 17. Bd3 Qxh3 18. Bf4 Ng4 0-1

[Event "AUTO-ADV-1601"]
[Site "http://www.queenalice.com/game.php?id=709495"]
[Date "2010.1.6"]
[Round "1"]
[White "Osedvr"]
[Black "Evandrogon"]
[Result "0-1"]
[WhiteElo "1676"]
[BlackElo "1981"]

1. e4 e5 2. Nf3 d6 3. h3 a6 4. d3 Be6 5. Nc3 h6 6. a3 Nc6 7. Be2 Nf6 8. Be3 Be7
9. O-O O-O 10. Qd2 Re8 11. Bxh6 g6 12. Nd5 Bxd5 13. exd5 Nd4 14. c3 Nxe2+ 15.
Qxe2 Nh5 16. g4 Nf4 17. Qe4 Nxh3+ 18. Kh2 Ng5 19. Bxg5 Bxg5 20. Rh1 Kg7 21. Kg2
Bf4 22. Nh4 Qg5 23. Qf3 Rh8 24. Qh3 f5 25. d4 fxg4 26. Qd3 Rxh4 0-1

[Event "AUTO-ADV-1601"]
[Site "http://www.queenalice.com/game.php?id=709496"]
[Date "2010.1.6"]
[Round "1"]
[White "Evandrogon"]
[Black "Osedvr"]
[Result "1-0"]
[WhiteElo "1985"]
[BlackElo "1672"]

1. d4 d5 2. Bf4 Nc6 3. e3 a6 4. a3 h6 5. h3 Bf5 6. Bd3 Bxd3 7. Qxd3 Nf6 8. Nc3
e6 9. Nf3 Bd6 10. Ne5 O-O 11. O-O Ne4 12. Nxe4 Bxe5 13. dxe5 dxe4 14. Qxe4 f5
15. Qc4 Qe7 16. Rad1 Qh4 17. Qxe6+ Kh7 18. c3 Rae8 19. Qd7 Re7 20. Qd3 Re6 21.
b4 Nxe5 22. Bxe5 Rxe5 23. a4 Rd8 24. Qxd8 Qxd8 25. Rxd8 Re6 26. Rfd1 Kg6 27.
R1d7 1-0

[Event "AUTO-ADV-1603"]
[Site "http://www.queenalice.com/game.php?id=710273"]
[Date "2010.1.8"]
[Round "1"]
[White "Osedvr"]
[Black "jiujitsubr"]
[Result "0-1"]
[WhiteElo "1607"]
[BlackElo "1785"]

1. e4 c5 2. Nf3 d6 3. h3 Nf6 4. Bc4 Nxe4 5. d3 Nf6 6. Ng5 e6 7. a3 Be7 8. O-O
O-O 9. Nc3 Nc6 10. Nce4 d5 11. Ng3 dxc4 12. Qf3 cxd3 13. cxd3 Nd4 14. Qf4 Bd6
15. Qh4 Bxg3 16. Qxg3 Ne2+ 17. Kh2 Nxg3 18. Kxg3 Qxd3+ 19. Kh2 Qxf1 0-1

[Event "AUTO-ADV-1603"]
[Site "http://www.queenalice.com/game.php?id=710274"]
[Date "2010.1.8"]
[Round "1"]
[White "jiujitsubr"]
[Black "Osedvr"]
[Result "1-0"]
[WhiteElo "1772"]
[BlackElo "1689"]

1. d4 d5 2. c4 c6 3. Nc3 Nf6 4. e3 Be6 5. cxd5 cxd5 6. Bd3 Qa5 7. Ne2 h6 8. O-O
a6 9. Nf4 Qb6 10. f3 Bd7 11. Nfxd5 Nxd5 12. Nxd5 Qd6 13. e4 e6 14. Bf4 Qc6 15.
Rc1 Qb6 16. Nxb6 Ra7 17. Bxb8 Be7 18. Nxd7 Kxd7 19. Bxa7 Rd8 20. Qa4+ Kd6 21.
Bc5+ Kc7 22. Bxe7+ 1-0

[Event "AUTO-ADV-1603"]
[Site "http://www.queenalice.com/game.php?id=710275"]
[Date "2010.1.8"]
[Round "1"]
[White "Osedvr"]
[Black "Dalri_Ultreya"]
[Result "0-1"]
[WhiteElo "1585"]
[BlackElo "1696"]

1. e4 e5 2. Nf3 Nc6 3. Nc3 Nf6 4. Bc4 Bc5 5. Ng5 d5 6. exd5 Nxd5 7. Bxd5 Qxg5 8.
Qf3 Be6 9. Bxe6 fxe6 10. Ne4 Qh4 11. d3 Nd4 12. Qd1 Bb6 13. Bg5 Qf4 14. Bxf4
exf4 15. c3 Nf5 0-1

[Event "AUTO-ADV-1603"]
[Site "http://www.queenalice.com/game.php?id=710276"]
[Date "2010.1.8"]
[Round "1"]
[White "Dalri_Ultreya"]
[Black "Osedvr"]
[Result "1-0"]
[WhiteElo "1683"]
[BlackElo "1598"]

1. d4 d5 2. Nf3 Nc6 3. Nc3 Nf6 4. Bf4 h6 5. e3 a6 6. h3 Bf5 7. Bd3 Qd7 8. O-O e6
9. a3 Nh5 10. Bxf5 exf5 11. Bh2 Bd6 12. Ne5 O-O 13. Nxd7 Rfd8 14. Qxh5 Rxd7 15.
Qxf5 Re7 16. Nxd5 1-0

[Event "AUTO-ADV-1603"]
[Site "http://www.queenalice.com/game.php?id=710277"]
[Date "2010.1.8"]
[Round "1"]
[White "Osedvr"]
[Black "rodriguesr"]
[Result "0-1"]
[WhiteElo "1839"]
[BlackElo "2038"]

1. e4 c5 2. Bc4 e6 3. d3 d5 4. Bb3 Nc6 5. Nf3 dxe4 6. Ng5 Nf6 7. O-O exd3 8.
cxd3 Be7 9. Nc3 O-O 10. Nge4 b6 11. Ba4 Bb7 12. Qf3 Ne5 13. Qe2 Qxd3 14. Nxf6+
Bxf6 15. Qe1 Nf3+ 16. gxf3 Qxf3 0-1

[Event "AUTO-ADV-1603"]
[Site "http://www.queenalice.com/game.php?id=710278"]
[Date "2010.1.8"]
[Round "1"]
[White "rodriguesr"]
[Black "Osedvr"]
[Result "1-0"]
[WhiteElo "2049"]
[BlackElo "1838"]

1. d4 d5 2. c4 Nf6 3. Nc3 c6 4. Nf3 h6 5. Bf4 e6 6. e3 Bd6 7. Bxd6 Qxd6 8. cxd5
Nxd5 9. Nxd5 Qxd5 10. Qc2 Nd7 11. Bd3 Nf6 12. O-O a6 13. Rac1 O-O 14. a4 Re8 15.
b4 b6 16. Qxc6 Qb3 17. Qxa8 Bd7 18. Qxa6 Qxb4 19. Rc7 Qb3 20. Rfc1 Ng4 21. Rxd7
Qb2 22. Rf1 Nf6 23. Rb7 Nd5 24. Qb5 Qc3 25. Qxe8# 1-0

[Event "AUTO-OPEN-1830"]
[Site "http://www.queenalice.com/game.php?id=710806"]
[Date "2010.1.9"]
[Round "1"]
[White "Boeing"]
[Black "Osedvr"]
[Result "1-0"]
[WhiteElo "1871"]
[BlackElo "1565"]

1. e4 e5 2. Bc4 Qf6 3. Nc3 Bc5 4. Nf3 d6 5. Nd5 Qd8 6. O-O c6 7. Nc3 Nf6 8. d4
exd4 9. Nxd4 O-O 10. Bg5 h6 11. Bxf6 1-0

[Event "AUTO-OPEN-1830"]
[Site "http://www.queenalice.com/game.php?id=710836"]
[Date "2010.1.9"]
[Round "1"]
[White "Osedvr"]
[Black "ezekiel4a21"]
[Result "0-1"]
[WhiteElo "1748"]
[BlackElo "2055"]

1. e4 c5 2. d4 cxd4 3. Qxd4 Nc6 4. Qd3 d6 5. Nc3 a6 6. Nf3 g6 7. h3 Bg7 8. Nd5
e6 9. Nc3 Nb4 10. Qd2 Nf6 11. a3 Qa5 12. Bd3 O-O 13. O-O Nxd3 14. Qxd3 d5 15.
exd5 Nxd5 16. Bd2 Nxc3 17. bxc3 b5 18. Ng5 Bb7 19. Qd7 Bd5 20. Rfd1 Bxc3 21.
Bxc3 Qxc3 22. Rac1 Rad8 23. Qe7 h6 24. Rd3 Qg7 25. f3 hxg5 26. Qxg5 f6 27. Qf4
e5 28. Qb4 Qa7+ 29. Kh1 Kg7 0-1

[Event "AUTO-OPEN-1830"]
[Site "http://www.queenalice.com/game.php?id=710837"]
[Date "2010.1.9"]
[Round "1"]
[White "ezekiel4a21"]
[Black "Osedvr"]
[Result "1-0"]
[WhiteElo "2051"]
[BlackElo "1752"]

1. e4 e5 2. Bc4 Nf6 3. d3 Bc5 4. h3 d6 5. a4 h6 6. c3 O-O 7. b4 d5 8. exd5 c6 9.
bxc5 cxd5 10. Ba2 d4 11. Nf3 Nc6 12. O-O Bf5 13. cxd4 Nxd4 14. Nxe5 Be6 15. Nc4
Rc8 16. Ba3 Re8 17. Nd6 Qa5 18. Nxe8 Rxe8 19. Nd2 Bf5 20. Nc4 Qc7 21. Nd6 Rd8
22. Nxf7 Be6 23. Nxd8 Qxd8 24. Bxe6+ Nxe6 25. Qb3 Qd7 26. d4 Kh8 27. Rad1 Ng5
28. f3 Nd5 29. c6 Qxc6 30. Rc1 1-0

[Event "AUTO-OPEN-1830"]
[Site "http://www.queenalice.com/game.php?id=710838"]
[Date "2010.1.9"]
[Round "1"]
[White "Osedvr"]
[Black "miltonlovisk"]
[Result "0-1"]
[WhiteElo "1617"]
[BlackElo "1890"]

1. e4 e5 2. Nf3 Qf6 3. h3 Bc5 4. Nc3 c6 5. Bc4 d6 6. a3 g5 7. d3 h6 8. O-O g4 9.
hxg4 Bxg4 10. b4 Bxf3 11. Qxf3 Qxf3 12. gxf3 Bd4 13. Bd2 Nd7 14. Rae1 Ke7 15.
Ne2 Ngf6 16. Bc3 Bb6 17. f4 h5 18. fxe5 Rag8+ 19. Kh2 dxe5 20. Rg1 Ng4+ 0-1

[Event "AUTO-OPEN-1830"]
[Site "http://www.queenalice.com/game.php?id=710839"]
[Date "2010.1.9"]
[Round "1"]
[White "miltonlovisk"]
[Black "Osedvr"]
[Result "1-0"]
[WhiteElo "1895"]
[BlackElo "1612"]

1. e4 e5 2. Nf3 Nc6 3. Bb5 Bd6 4. Bxc6 bxc6 5. d4 exd4 6. Qxd4 h6 7. Qxg7 Qf6 8.
Qxf6 Nxf6 9. e5 Nd5 10. exd6 cxd6 11. O-O Nb4 12. Re1+ Kd8 13. Na3 c5 14. Rd1 d5
15. c3 Nc6 16. Rxd5 Re8 17. Bxh6 Bb7 18. Rxc5 Re6 19. Bg5+ Ne7 20. Nb5 Rc8 21.
Bxe7+ 1-0